000 01193nam a2200313 a 4500
001 ebr10653861
003 CaPaEBR
006 m o u
007 cr cn|||||||||
008 120329s2013 njua sb 001 0 eng d
010 _z 2012006563
020 _z9781848213999
020 _z9781118577004 (e-book)
040 _aCaPaEBR
_cCaPaEBR
035 _a(OCoLC)828743733
050 1 4 _aQA76.6
_b.M35946 2013eb
082 0 4 _a005.1
_223
100 1 _aMarlet, Renaud.
245 1 0 _aProgram specialization
_h[electronic resource] /
_cRenaud Marlet.
260 _aHoboken, N.J. :
_bJohn Wiley & Sons, Inc.,
_c2013.
300 _axvi, 542 p. :
_bill.
490 0 _aComputer engineering series
504 _aIncludes bibliographical references and index.
533 _aElectronic reproduction.
_bPalo Alto, Calif. :
_cebrary,
_d2015.
_nAvailable via World Wide Web.
_nAccess may be limited to ebrary affiliated libraries.
650 0 _aProgram transformation (Computer programming)
655 7 _aElectronic books.
_2local
710 2 _aebrary, Inc.
856 4 0 _uhttp://site.ebrary.com/lib/rucke/Doc?id=10653861
_zAn electronic book accessible through the World Wide Web; click to view
999 _c76702
_d76702